000 00341nam a2200121Ia 4500
008 230907s9999||||xx |||||||||||||| ||und||
082 _a621.51
_bGRA
100 _aGravdahl, Jan Tommy,
_9115435
245 0 _aCompressor surge and rotating stall :
260 _aSpringer,
_bLondon ; | New York :
_c1999
300 _axix, 225 p. :
942 _cBK
999 _c598399
_d598399